ARRUPE JESUIT UNIVERSITY

CORONAVIRUS -STOP THE SPREAD - CLEAN,DISINFECT,COVER

Keynes : (Record no. 123959)

MARC details
000 -LEADER
fixed length control field 01268cam a2200349 a 4500
001 - CONTROL NUMBER
control field 16571392
003 - CONTROL NUMBER IDENTIFIER
control field ARRUPE
005 - DATE AND TIME OF LATEST TRANSACTION
control field 20160119094836.0
008 - FIXED-LENGTH DATA ELEMENTS--GENERAL INFORMATION
fixed length control field 101208s2010 enk b 001 0beng
010 ## - LIBRARY OF CONGRESS CONTROL NUMBER
LC control number 2010484433
015 ## - NATIONAL BIBLIOGRAPHY NUMBER
National bibliography number GBB062247
Source bnb
016 7# - NATIONAL BIBLIOGRAPHIC AGENCY CONTROL NUMBER
Record control number 015556310
Source Uk
020 ## - INTERNATIONAL STANDARD BOOK NUMBER
International Standard Book Number 9780199591640 (pbk.)
020 ## - INTERNATIONAL STANDARD BOOK NUMBER
International Standard Book Number 0199591644 (pbk.)
035 ## - SYSTEM CONTROL NUMBER
System control number (OCoLC)ocn607987819
040 ## - CATALOGING SOURCE
Original cataloging agency UKM
Transcribing agency UKM
Modifying agency BTCTA
-- YDXCP
-- BWK
-- CDX
-- ITJCU
-- NTE
-- WAU
-- DLC
042 ## - AUTHENTICATION CODE
Authentication code lccopycat
050 00 - LIBRARY OF CONGRESS CALL NUMBER
Classification number HB103.K47
Item number S5728 2010
082 04 - DEWEY DECIMAL CLASSIFICATION NUMBER
Classification number 330.156092
Edition number 22
300 ## - PHYSICAL DESCRIPTION
Dimensions 18 cm.
100 1# - MAIN ENTRY--PERSONAL NAME
Personal name Skidelsky, Robert,
Dates associated with a name 1939-
9 (RLIN) 21572
245 10 - TITLE STATEMENT
Title Keynes :
Remainder of title a very short introduction /
Statement of responsibility, etc Robert Skidelsky.
260 ## - PUBLICATION, DISTRIBUTION, ETC. (IMPRINT)
Place of publication, distribution, etc Oxford :
Name of publisher, distributor, etc Oxford University Press,
Date of publication, distribution, etc 2010.
300 ## - PHYSICAL DESCRIPTION
Extent 194 p. ;
490 1# - SERIES STATEMENT
Series statement Very short introductions ;
Volume number/sequential designation 248
504 ## - BIBLIOGRAPHY, ETC. NOTE
Bibliography, etc Includes bibliographical references (p. 171-183) and index.
600 10 - SUBJECT ADDED ENTRY--PERSONAL NAME
Personal name Keynes, John Maynard,
Dates associated with a name 1883-1946.
9 (RLIN) 21573
650 #0 - SUBJECT ADDED ENTRY--TOPICAL TERM
Topical term or geographic name as entry element Keynesian economics.
9 (RLIN) 2883
830 #0 - SERIES ADDED ENTRY--UNIFORM TITLE
Uniform title Very short introductions ;
Volume number/sequential designation 248.
9 (RLIN) 21574
906 ## - LOCAL DATA ELEMENT F, LDF (RLIN)
a 7
b cbc
c copycat
d 2
e ncip
f 20
g y-gencatlg
942 ## - ADDED ENTRY ELEMENTS (KOHA)
Source of classification or shelving scheme Library of Congress Classification
Koha item type Monograph ( Printed materials)
Holdings
Withdrawn status Lost status Source of classification or shelving scheme Damaged status Not for loan Collection code Home library Current library Shelving location Date acquired Total Checkouts Full call number Barcode Date last seen Date checked out Price effective from Koha item type
    Library of Congress Classification     Main Collection ARRUPE LIBRARY ARRUPE LIBRARY Main Collection 19/01/2016 2 HB103.K47 J628 2010 46500005922 23/04/2018 30/03/2016 19/01/2016 Monograph ( Printed materials)

 

Arrupe Library. PO Box MP320 Mt Pleasant, Harare, Zimbabwe
263 242 745411|librarian@aju.ac.zw